[Event "ch-city  open-A"]
[Site "Warszawa"]
[Date "2011.05.07"]
[Round "1.1"]
[White "Zurkowski, Andrzej"]
[Black "Grabarczyk, Miroslaw"]
[Result "0-1"]
[WhiteElo "2106"]
[BlackElo "2445"]
[PlyCount "48"]
[EventDate "2011.??.??"]
[EventType "swiss"]
[EventCountry "POL"]

1. d4 d5 2. Nf3 Nf6 3. g3 c6 4. Bg2 Bf5 5. O-O Nbd7 6. c3 e6 7. Bf4 Be7 8. Nbd2
h6 9. Qb3 Qc8 10. Be3 O-O 11. h3 Bd6 12. Rac1 b5 13. Nh4 Bh7 14. f4 Nb6 15. Bf2
Nc4 16. Nxc4 bxc4 17. Qa4 Qb7 18. b3 Qb5 19. Qxb5 cxb5 20. Nf3 Ba3 21. Rcd1 Ne4
22. Be1 b4 23. Ne5 Nxc3 24. Rd2 cxb3 0-1

[Event "ch-city  open-A"]
[Site "Warszawa"]
[Date "2011.05.07"]
[Round "1.2"]
[White "Leniart, Arkadiusz"]
[Black "Szymczak, Rafal"]
[Result "1-0"]
[WhiteElo "2444"]
[BlackElo "2102"]
[PlyCount "61"]
[EventDate "2011.??.??"]
[EventType "swiss"]
[EventCountry "POL"]

1. Nf3 f5 2. c4 Nf6 3. Nc3 g6 4. b3 Bg7 5. Bb2 d6 6. d4 c6 7. Qc2 Na6 8. a3 Nc7
9. e3 Bd7 10. Bd3 O-O 11. O-O Qe8 12. e4 fxe4 13. Nxe4 Nxe4 14. Bxe4 Bf5 15.
Rae1 Qd7 16. Bxf5 Rxf5 17. Qe4 e6 18. Qd3 Re8 19. Re2 Re7 20. Rfe1 b6 21. a4 c5
22. Rd1 Na6 23. dxc5 Nxc5 24. Qe3 Bxb2 25. Rxb2 e5 26. Rbd2 Re6 27. b4 Nb7 28.
c5 Qxa4 29. Nd4 Rff6 30. Nxe6 Rxe6 31. Qh3 1-0

[Event "ch-city  open-A"]
[Site "Warszawa"]
[Date "2011.05.07"]
[Round "1.4"]
[White "Strzemiecki, Zbigniew"]
[Black "Kaliszewski, Tomasz"]
[Result "0-1"]
[WhiteElo "2422"]
[BlackElo "2056"]
[PlyCount "104"]
[EventDate "2011.??.??"]
[EventType "swiss"]
[EventCountry "POL"]

1. e4 e5 2. Nf3 Nf6 3. Nxe5 d6 4. Nf3 Nxe4 5. d3 Nf6 6. d4 Bg4 7. h3 Bh5 8.
Qe2+ Qe7 9. Be3 Nc6 10. c3 d5 11. Nbd2 O-O-O 12. g4 Bg6 13. Nh4 Ne4 14. Nxg6
hxg6 15. Bg2 f5 16. Nxe4 dxe4 17. f3 exf3 18. Bxf3 Re8 19. Bxc6 bxc6 20. Kd2
Qe4 21. Rae1 Bd6 22. gxf5 Bf4 23. Rhf1 Bg3 24. Qa6+ Kd7 25. Re2 gxf5 26. Bg5
Qd5 27. Kc1 Rxe2 28. Qxe2 Rxh3 29. Qe7+ Kc8 30. Qf8+ Kb7 31. Qb4+ Qb5 32. Qxb5+
cxb5 33. Rxf5 Rh5 34. Kc2 Bh4 35. Rxb5+ Kc8 36. Bxh4 Rxb5 37. Bg3 Rg5 38. Be5
Rg2+ 39. Kd3 g6 40. b4 Rxa2 41. d5 Kd7 42. b5 a5 43. bxa6 Rxa6 44. c4 c6 45.
Kd4 cxd5 46. Kxd5 Ra5+ 47. c5 g5 48. Bd6 g4 49. Ke4 Ra3 50. Bf4 g3 51. Be3 g2
52. Bd4 Ra4 0-1

[Event "ch-city  open-A"]
[Site "Warszawa"]
[Date "2011.05.07"]
[Round "1.5"]
[White "Liberadzki, Slawomir"]
[Black "Nurkiewicz, Maciej"]
[Result "1/2-1/2"]
[WhiteElo "2050"]
[BlackElo "2417"]
[Annotator "M"]
[PlyCount "64"]
[EventDate "2011.??.??"]
[EventType "swiss"]
[EventCountry "POL"]

1. e4 c5 2. c3 d5 3. exd5 Qxd5 4. d4 Nc6 5. Nf3 Nf6 6. Be2 e6 7. O-O cxd4 8.
cxd4 Be7 9. Nc3 Qa5 10. a3 O-O 11. Be3 Nd5 12. Qb3 Rd8 13. Rfd1 Bd7 14. Rac1
Be8 15. Nxd5 Qxd5 16. Qxd5 Rxd5 17. Bc4 Rdd8 18. d5 exd5 19. Bxd5 Bf6 20. Bg5
Bxg5 21. Nxg5 Rd7 22. Bxc6 Rxd1+ 23. Rxd1 Bxc6 24. f3 f6 25. Ne4 Kf7 26. Kf2
Ke7 27. Rd2 f5 28. Nc3 Rc8 29. Ke3 g5 30. Rd4 $11 Ke6 31. g3 h6 32. f4 a6 $11
1/2-1/2

[Event "ch-city  open-A"]
[Site "Warszawa"]
[Date "2011.05.07"]
[Round "1.6"]
[White "Nguyen, Piotr"]
[Black "Kuciel, Wladyslaw"]
[Result "1-0"]
[WhiteElo "2397"]
[BlackElo "2030"]
[PlyCount "77"]
[EventDate "2011.??.??"]
[EventType "swiss"]
[EventCountry "POL"]

1. Nf3 Nf6 2. c4 e6 3. g3 b6 4. Bg2 Bb7 5. O-O c5 6. Nc3 Be7 7. Re1 d6 8. e4
Nbd7 9. d4 cxd4 10. Nxd4 Qc7 11. b3 a6 12. Bb2 O-O 13. Qd2 Rfe8 14. Rad1 Rac8
15. h3 Bf8 16. Kh2 Rcd8 17. f4 g6 18. Nc2 Qc5 19. Ba3 Qh5 20. Bxd6 Nb8 21. e5
Ng4+ 22. Kg1 Bxd6 23. exd6 Qc5+ 24. Qd4 Bxg2 25. Qxc5 bxc5 26. Kxg2 Nh6 27. Ne4
Nd7 28. b4 cxb4 29. Nxb4 Rc8 30. c5 a5 31. c6 axb4 32. cxd7 Rc2+ 33. Kf3 Rd8
34. Rc1 Rxa2 35. Rc8 Ra3+ 36. Kf2 Ra2+ 37. Re2 Ra8 38. Rxd8+ Rxd8 39. Rc2 1-0

[Event "ch-city  open-A"]
[Site "Warszawa"]
[Date "2011.05.07"]
[Round "1.8"]
[White "Deszczynski, Adam"]
[Black "Sujkowski, Pawel"]
[Result "1-0"]
[WhiteElo "2366"]
[BlackElo "2000"]
[Annotator "M"]
[PlyCount "77"]
[EventDate "2011.??.??"]
[EventType "swiss"]
[EventCountry "POL"]

1. e4 e6 2. d3 c5 3. Nf3 Nc6 4. g3 Nf6 5. Bg2 Be7 6. O-O O-O 7. Nbd2 d6 8. a4
Qc7 9. Nc4 Bd7 10. Re1 e5 11. Ne3 a6 12. c3 Rab8 13. d4 Rfe8 14. dxc5 dxc5 15.
Nd5 Qc8 16. Be3 b6 17. Bg5 Bg4 18. Bxf6 Bxf6 19. Qd3 Bd8 20. Nd2 Be6 21. Nc4
Bc7 $11 22. Nce3 Kh8 23. Nxc7 Qxc7 24. Qxa6 Ra8 25. Qd3 Qb7 26. Qc2 Na5 27. Nd5
Nc4 28. Red1 Red8 29. Qe2 Nd6 30. c4 Qc6 31. b3 Nb7 32. Rd3 Na5 33. Rad1 Re8
34. Qh5 f6 35. Bh3 Bxh3 36. Qxh3 Qb7 37. Qf5 Rac8 38. Nxf6 gxf6 39. Rd7 1-0

[Event "ch-city  open-A"]
[Site "Warszawa"]
[Date "2011.05.07"]
[Round "1.9"]
[White "Eggink, Mateusz"]
[Black "Kukawski, Maciej"]
[Result "0-1"]
[WhiteElo "1973"]
[BlackElo "2328"]
[PlyCount "104"]
[EventDate "2011.??.??"]
[EventType "swiss"]
[EventCountry "POL"]

1. e4 e5 2. Nf3 Nc6 3. d4 exd4 4. Bc4 Nf6 5. e5 d5 6. Bb5 Nd7 7. O-O Be7 8.
Bxc6 bxc6 9. Nxd4 Nb8 10. f4 c5 11. Nf3 O-O 12. c3 Nc6 13. Be3 Qd7 14. Na3 Rb8
15. Rb1 Rd8 16. Qd2 d4 17. Bf2 Qg4 18. h3 Qg6 19. Kh2 dxc3 20. Qxc3 Rd3 21. Qe1
Rb4 22. Bg3 Re4 23. Qf2 Nd4 24. Nxd4 cxd4 25. Nc2 c5 26. Rbe1 Rxe1 27. Nxe1 Re3
28. f5 Qh5 29. f6 Bf8 30. Nf3 Bb7 31. Bf4 Rd3 32. fxg7 Bxg7 33. Ne1 Rd1 34. g4
Qg6 35. Bg3 Ba6 36. Rg1 Qe4 37. Qf5 Rd2+ 38. Rg2 Rxg2+ 39. Nxg2 Bb7 40. Qxe4
Bxe4 41. Bf4 Kf8 42. e6 Ke7 43. exf7 Kxf7 44. b3 Ke6 45. Kg1 Bb1 46. Bb8 a6 47.
Nf4+ Kd7 48. a3 Bc2 49. Ba7 Be5 50. Ng2 Kc6 51. Ne1 d3 52. Nf3 Bc3 0-1

[Event "ch-city  open-A"]
[Site "Warszawa"]
[Date "2011.05.07"]
[Round "1.10"]
[White "Adamski, Andrzej"]
[Black "Piotrowski, Arkadiusz"]
[Result "1-0"]
[WhiteElo "2270"]
[BlackElo "1919"]
[PlyCount "67"]
[EventDate "2011.??.??"]
[EventType "swiss"]
[EventCountry "POL"]

1. e4 c6 2. d4 d5 3. f3 dxe4 4. fxe4 e5 5. Nf3 exd4 6. Bc4 Nf6 7. O-O h6 8. Ne5
Be6 9. Bxe6 fxe6 10. Ng6 Rg8 11. e5 Nd5 12. Qf3 Be7 13. c4 dxc3 14. bxc3 Kd7
15. c4 Qe8 16. Qd3 Na6 17. cxd5 exd5 18. Qf5+ Kd8 19. Nc3 b5 20. Be3 b4 21. Ne2
Bc5 22. Bxc5 Nxc5 23. Nd4 Kc7 24. Rac1 Kb6 25. Rf2 Ne4 26. Nxc6 Rc8 27. Rfc2
Nc3 28. Nce7 Ne2+ 29. Kh1 Rxc2 30. Rxc2 Qa4 31. Qe6+ Kb7 32. Qxd5+ Kb6 33. Rc6+
Kb7 34. Qd7+ 1-0

[Event "ch-city  open-A"]
[Site "Warszawa"]
[Date "2011.05.07"]
[Round "1.11"]
[White "Eggink, Ryszard"]
[Black "Przezdziecka, Marta"]
[Result "1/2-1/2"]
[WhiteElo "1914"]
[BlackElo "2245"]
[PlyCount "129"]
[EventDate "2011.??.??"]
[EventType "swiss"]
[EventCountry "POL"]

1. e4 c5 2. Nf3 Nc6 3. d4 cxd4 4. Nxd4 Qc7 5. Be3 e6 6. c4 Nf6 7. Nc3 a6 8. f4
Bb4 9. e5 Ne4 10. Qc2 f5 11. Bd3 O-O 12. O-O Bc5 13. Bxe4 Bxd4 14. Bxd4 Nxd4
15. Qf2 Qxc4 16. Rad1 Nb5 17. Bd3 Qc6 18. Bxb5 axb5 19. Rd6 Qc4 20. a3 Ra6 21.
Rb6 Qc7 22. Rxb5 b6 23. Rb4 Bb7 24. Nb5 Qd8 25. Nd6 Bc6 26. Rc1 g5 27. Qg3 g4
28. Qd3 Ra5 29. Qe3 Qa8 30. Nc4 Bxg2 31. Nxb6 Qf3 32. Qxf3 Bxf3 33. Nxd7 Rd8
34. Rc7 Kf7 35. Nc5+ Kg6 36. Nxe6 Rd1+ 37. Kf2 Rd2+ 38. Ke3 Re2+ 39. Kd3 Rd5+
40. Rd4 Rxd4+ 41. Kxd4 h6 42. Rg7+ Kh5 43. Nc7 Rxh2 44. e6 Kh4 45. e7 Bc6 46.
Rg6 Bd7 47. Rxh6+ Kg3 48. Rd6 Ba4 49. b3 Re2 50. bxa4 Rxe7 51. Nd5 Re4+ 52. Kc3
Rxa4 53. Kb3 Rd4 54. Kc3 Rd1 55. Kc2 Rd4 56. Kc3 Rd1 57. Kc4 Kf2 58. Rf6 g3 59.
Rxf5 g2 60. Rg5 Ra1 61. Kb4 Rb1+ 62. Ka5 Rb3 63. Rxg2+ Kxg2 64. a4 Kf3 65. Nb4
1/2-1/2

[Event "ch-city  open-A"]
[Site "Warszawa"]
[Date "2011.05.07"]
[Round "1.12"]
[White "Alvarado, Carlos"]
[Black "Potocki, Karol"]
[Result "0-1"]
[WhiteElo "2203"]
[BlackElo "1894"]
[PlyCount "86"]
[EventDate "2011.??.??"]
[EventType "swiss"]
[EventCountry "POL"]

1. d4 Nf6 2. c4 e6 3. g3 d5 4. Bg2 Bb4+ 5. Bd2 Be7 6. Nf3 O-O 7. O-O Nbd7 8.
Qc2 c6 9. Nc3 b6 10. Bf4 Nh5 11. Be3 f5 12. Qa4 Bb7 13. Rad1 Qe8 14. Bc1 Kh8
15. Ne1 g5 16. Nd3 f4 17. Bh3 Bd6 18. cxd5 exd5 19. Qc2 Ndf6 20. Ne5 Bxe5 21.
dxe5 Qxe5 22. b3 d4 23. Bb2 fxg3 24. hxg3 Nxg3 25. Rxd4 Qxd4 26. e3 Qh4 27.
fxg3 Qxh3 28. Ne4 c5 29. Rxf6 Rxf6 30. Bxf6+ Kg8 31. Qc4+ Kf8 32. Be5 Rd8 33.
Qf7+ Kxf7 34. Nxg5+ Kg6 35. Nxh3 Kf5 36. Bf4 Rd1+ 37. Kf2 Rd2+ 38. Ke1 Rxa2 39.
Nf2 h5 40. Bb8 Bd5 41. b4 cxb4 42. Nd3 b3 43. Kd1 Be4 0-1

[Event "ch-city  open-A"]
[Site "Warszawa"]
[Date "2011.05.07"]
[Round "1.13"]
[White "Pastuszko, Kinga"]
[Black "Malec, Sebastian"]
[Result "0-1"]
[WhiteElo "1862"]
[BlackElo "2167"]
[PlyCount "124"]
[EventDate "2011.??.??"]
[EventType "swiss"]
[EventCountry "POL"]

1. e4 c5 2. Nf3 Nc6 3. d4 cxd4 4. Nxd4 Nf6 5. Nc3 d6 6. Be2 e5 7. Nf3 Be7 8.
Bg5 O-O 9. Bxf6 Bxf6 10. Nd5 g6 11. O-O Bg7 12. c3 f5 13. Nd2 Be6 14. Bc4 Na5
15. f3 b5 16. Bb3 Rc8 17. Kh1 Nc4 18. Nxc4 bxc4 19. Bc2 Rc5 20. Qd2 Bxd5 21.
exd5 Qa5 22. Rfd1 Rb8 23. Rab1 Rbb5 24. a4 Rb8 25. Qg5 Qc7 26. g4 f4 27. Qh4
Qb7 28. Be4 Ra5 29. Ra1 Qd7 30. Qf2 Rxa4 31. Qc2 Rb3 32. Qe2 Rxa1 33. Rxa1 Qb5
34. Ra2 Qc5 35. Kg2 Bf6 36. Qf2 Qe3 37. Qxe3 fxe3 38. Kf1 Bh4 39. Ke2 Bf2 40.
h3 a5 41. Kd1 Kf7 42. Ke2 Kf6 43. h4 Bxh4 44. Kxe3 Bg5+ 45. Ke2 h5 46. gxh5
gxh5 47. Kd1 Bf4 48. Kc2 Rb5 49. Ra1 h4 50. Rh1 Kg5 51. Rg1+ Bg3 52. Rg2 Kf4
53. Re2 h3 54. Rd2 h2 55. Rd1 Bf2 56. Rh1 Bg1 57. Kc1 Rb8 58. Kc2 Kg3 59. Kb1
Rf8 60. Kc2 Rf4 61. b4 cxb3+ 62. Kxb3 Kg2 0-1

[Event "ch-city  open-A"]
[Site "Warszawa"]
[Date "2011.05.07"]
[Round "1.14"]
[White "Nowicki, Bartosz"]
[Black "Winiarski, Mikolaj Olaf"]
[Result "1-0"]
[WhiteElo "2138"]
[BlackElo "1857"]
[PlyCount "74"]
[EventDate "2011.??.??"]
[EventType "swiss"]
[EventCountry "POL"]

1. e4 c5 2. Nf3 d6 3. d4 cxd4 4. Nxd4 Nf6 5. Nc3 g6 6. Be3 Bg7 7. f3 O-O 8. Qd2
Nc6 9. O-O-O Bd7 10. g4 Rc8 11. h4 h5 12. gxh5 Nxh5 13. Rg1 Kh7 14. Be2 Nxd4
15. Bxd4 Bxd4 16. Qxd4 Rc5 17. Nd5 e5 18. Qe3 f5 19. f4 exf4 20. Nxf4 Nxf4 21.
Qxf4 Qe7 22. Qg3 Rf6 23. h5 Be8 24. hxg6+ Bxg6 25. Bh5 Qf7 26. Bxg6+ Rxg6 27.
Rh1+ Kg8 28. Qh4 Qg7 29. Qd8+ Kf7 30. Rxd6 Rxd6 31. Qxd6 Rxc2+ 32. Kxc2 Qg2+
33. Kc3 Qf3+ 34. Qd3 Qxh1 35. Qd7+ Kg8 36. Qc8+ Kf7 37. Qxb7+ Kf6 1-0

[Event "ch-city  open-A"]
[Site "Warszawa"]
[Date "2011.05.08"]
[Round "2.2"]
[White "Malec, Sebastian"]
[Black "Leniart, Arkadiusz"]
[Result "0-1"]
[WhiteElo "2167"]
[BlackElo "2444"]
[PlyCount "60"]
[EventDate "2011.05.07"]
[EventRounds "9"]
[EventCountry "POL"]

1. e4 Nf6 2. e5 Nd5 3. d4 d6 4. Nf3 Bg4 5. Be2 e6 6. O-O Be7 7. c4 Nb6 8. Be3
O-O 9. Nc3 N8d7 10. Nd2 Bxe2 11. Qxe2 dxe5 12. dxe5 Nxe5 13. f4 Nd3 14. Rf3
Nxb2 15. c5 Nd5 16. Nde4 f5 17. Nxd5 exd5 18. Ng5 Bxg5 19. fxg5 Nc4 20. Bd4 Qe8
21. Qf2 Qg6 22. Rf1 c6 23. h4 Rae8 24. g4 Re4 25. gxf5 Rg4+ 26. Kh2 Qh5 27. Kh3
Nd2 28. Rf4 Rxf4 29. Qxf4 Nxf1 30. Qxf1 h6 0-1

[Event "ch-city  open-A"]
[Site "Warszawa"]
[Date "2011.05.08"]
[Round "2.3"]
[White "Olejarczyk, Bogdan"]
[Black "Nguyen, Piotr"]
[Result "1-0"]
[WhiteElo "2120"]
[BlackElo "2397"]
[PlyCount "87"]
[EventDate "2011.05.07"]
[EventRounds "9"]
[EventCountry "POL"]

1. d4 e6 2. Nf3 Nf6 3. Bf4 Nh5 4. Bd2 f5 5. c4 b6 6. g3 Bb7 7. Bg2 Be7 8. Nc3
O-O 9. O-O g5 10. e4 Ng7 11. d5 exd5 12. Nxd5 Bxd5 13. exd5 Bf6 14. Re1 d6 15.
Qc1 h6 16. Bc3 Nd7 17. Qc2 f4 18. Bh3 Bxc3 19. Qxc3 a5 20. Re2 Nc5 21. Rae1 Qf6
22. Nd4 Rae8 23. Rxe8 Rxe8 24. Rxe8+ Nxe8 25. Be6+ Nxe6 26. Nxe6 Qxc3 27. bxc3
fxg3 28. fxg3 Kf7 29. Kf2 c5 30. Kf3 Nf6 31. h4 gxh4 32. gxh4 Kg6 33. Kf4 Nd7
34. h5+ Kf6 35. Nc7 Kf7 36. Nb5 Ke7 37. Kf5 Ne5 38. a4 Nxc4 39. Kg6 Ne3 40.
Kxh6 Nxd5 41. Kg7 Nf6 42. h6 Nh5+ 43. Kg6 Nf4+ 44. Kf5 1-0

[Event "ch-city  open-A"]
[Site "Warszawa"]
[Date "2011.05.08"]
[Round "2.4"]
[White "Przedmojski, Rafal"]
[Black "Grochulski, Grzegorz"]
[Result "1-0"]
[WhiteElo "2370"]
[BlackElo "2057"]
[PlyCount "137"]
[EventDate "2011.05.07"]
[EventRounds "9"]
[EventCountry "POL"]

1. d4 Nf6 2. c4 g6 3. Nc3 Bg7 4. e4 d6 5. f3 O-O 6. Be3 Nc6 7. Nge2 a6 8. Qd2
Rb8 9. Rc1 Re8 10. g3 Bd7 11. Nd1 b5 12. c5 dxc5 13. Rxc5 e5 14. d5 Ne7 15. Qc1
Rb7 16. Bg2 Qb8 17. Rc2 Rc8 18. Bc5 Re8 19. Nf2 b4 20. Nd3 Bb5 21. Nxb4 a5 22.
Bxe7 axb4 23. Bxf6 Bxf6 24. Qd2 Be7 25. Nc1 Ba4 26. b3 Bb5 27. Bf1 Bd6 28. h4
Qd8 29. h5 Qf6 30. Qe3 Rbb8 31. Bxb5 Rxb5 32. Nd3 Ra8 33. g4 Rba5 34. Rhh2 Qe7
35. Kd1 g5 36. Kc1 h6 37. Kb1 Qf8 38. Rh1 Qb8 39. Rhc1 R8a7 40. Qf2 Qa8 41. Rb2
R7a6 42. Ne1 Qb8 43. Ng2 Qb5 44. Rbc2 Ra3 45. Ne1 Qa5 46. Rb2 Qb5 47. Qe2 Qb7
48. Nc2 R3a5 49. Ne3 Ra8 50. Rc6 Qa7 51. Nf5 Qg1+ 52. Rc1 Qa7 53. Nxh6+ Kh7 54.
Nf5 Bc5 55. Qd2 f6 56. Qe2 Ra3 57. Qc4 Rxa2 58. Qe2 Ra5 59. Kc2 Bd4 60. Kd3
Bxb2 61. Qxb2 Ra2 62. Qb1 Qf2 63. Rxc7+ Kh8 64. Qd1 R8a3 65. Rc8+ Kh7 66. Rc7+
Kg8 67. Rc8+ Kf7 68. d6 Rxb3+ 69. Qxb3# 1-0

[Event "ch-city  open-A"]
[Site "Warszawa"]
[Date "2011.05.08"]
[Round "2.5"]
[White "Kaliszewski, Tomasz"]
[Black "Deszczynski, Adam"]
[Result "0-1"]
[WhiteElo "2056"]
[BlackElo "2366"]
[PlyCount "98"]
[EventDate "2011.05.07"]
[EventRounds "9"]
[EventCountry "POL"]

1. Nf3 g6 2. g3 Bg7 3. c4 c5 4. Nc3 Nc6 5. Bg2 d6 6. d3 e5 7. Nd5 Nge7 8. Bg5
h6 9. Bf6 O-O 10. O-O Bxf6 11. Nxf6+ Kg7 12. Nd5 f5 13. Qd2 Nxd5 14. cxd5 Ne7
15. Ne1 f4 16. gxf4 Rxf4 17. e3 Rf7 18. Nc2 g5 19. f4 exf4 20. exf4 g4 21. d4
Qb6 22. Kh1 Nf5 23. dxc5 Qxc5 24. b4 Qb6 25. Rae1 Bd7 26. Ne3 h5 27. Nc4 Qd8
28. Ne3 Qf6 29. Nxf5+ Bxf5 30. Be4 Re8 31. Bxf5 Rxe1 32. Rxe1 Qxf5 33. Qd4+ Qf6
34. Qxa7 Qxf4 35. Qe3 Qxe3 36. Rxe3 b5 37. h3 Rf3 38. Re6 Rxh3+ 39. Kg2 Ra3 40.
Rxd6 h4 41. Rc6 Rxa2+ 42. Kg1 Rd2 43. d6 h3 44. Rc5 Kf6 45. d7 Rxd7 46. Kh2
Rd2+ 47. Kg3 Rg2+ 48. Kf4 h2 49. Rh5 g3 0-1

[Event "ch-city  open-A"]
[Site "Warszawa"]
[Date "2011.05.08"]
[Round "2.7"]
[White "Potocki, Karol"]
[Black "Adamski, Andrzej"]
[Result "0-1"]
[WhiteElo "1894"]
[BlackElo "2270"]
[PlyCount "114"]
[EventDate "2011.05.07"]
[EventRounds "9"]
[EventCountry "POL"]

1. d4 Nf6 2. c4 g6 3. g3 Bg7 4. Bg2 c6 5. Nc3 O-O 6. e4 d6 7. Nf3 Nbd7 8. O-O
e5 9. h3 Qe7 10. Bg5 h6 11. Be3 Kh7 12. Re1 a6 13. Qc2 Re8 14. d5 c5 15. a3 Rf8
16. b4 Ne8 17. Nd2 Bf6 18. Nb3 Bg5 19. f4 exf4 20. gxf4 Bh4 21. Rf1 b6 22. Nd2
Ng7 23. Nf3 Bf6 24. Rae1 Ra7 25. bxc5 bxc5 26. e5 dxe5 27. fxe5 Nxe5 28. Nxe5
Bxe5 29. Ne4 Bf5 30. Bxc5 Qxc5+ 31. Nxc5 Bd4+ 32. Qf2 Bxf2+ 33. Rxf2 Rc8 34.
Ne4 Rxc4 35. Nf6+ Kh8 36. Rb2 Rc8 37. Rb6 Rd8 38. Rc6 a5 39. a4 Bc8 40. Kh2 Nf5
41. d6 Be6 42. Bf1 Rxd6 43. Rxd6 Nxd6 44. Rd1 Kg7 45. Nh5+ gxh5 46. Rxd6 Kf6
47. Rd8 Rd7 48. Rh8 Rd2+ 49. Kg3 h4+ 50. Kf3 Ra2 51. Bb5 Ra3+ 52. Kf4 Kg7 53.
Ra8 Rxh3 54. Rxa5 Rc3 55. Be2 h3 56. Rh5 Rc2 57. Ke3 Rxe2+ 0-1

[Event "ch-city  open-A"]
[Site "Warszawa"]
[Date "2011.05.08"]
[Round "2.8"]
[White "Nurkiewicz, Maciej"]
[Black "Eggink, Ryszard"]
[Result "1-0"]
[WhiteElo "2417"]
[BlackElo "1914"]
[PlyCount "47"]
[EventDate "2011.05.07"]
[EventRounds "9"]
[EventCountry "POL"]

1. d4 d5 2. c4 dxc4 3. e4 e5 4. Nf3 exd4 5. Bxc4 Be6 6. Bxe6 fxe6 7. Nxd4 Qd7
8. Qh5+ Qf7 9. Qe5 Kd7 10. Bf4 Na6 11. O-O Rd8 12. Nb5 Kc8 13. Rc1 Bc5 14. N1a3
b6 15. Rab1 Kb7 16. b4 Bd6 17. Nxd6+ cxd6 18. Qd4 Qf6 19. Qe3 Ne7 20. Bxd6 e5
21. Bxe7 Qxe7 22. Nc4 Nxb4 23. Qc3 Nc6 24. Nxb6 1-0

[Event "ch-city  open-A"]
[Site "Warszawa"]
[Date "2011.05.08"]
[Round "2.9"]
[White "Przezdziecka, Marta"]
[Black "Liberadzki, Slawomir"]
[Result "1/2-1/2"]
[WhiteElo "2245"]
[BlackElo "2050"]
[PlyCount "72"]
[EventDate "2011.05.07"]
[EventRounds "9"]
[EventCountry "POL"]

1. d4 d5 2. Nf3 Nf6 3. c4 e6 4. Nc3 c5 5. cxd5 Nxd5 6. e4 Nxc3 7. bxc3 cxd4 8.
cxd4 Nc6 9. Be2 Bb4+ 10. Bd2 Qa5 11. Bxb4 Qxb4+ 12. Qd2 O-O 13. Qxb4 Nxb4 14.
Kd2 b6 15. a3 Nc6 16. Rac1 Bb7 17. Rc3 Rac8 18. Rhc1 Na5 19. Ke3 Rxc3+ 20. Rxc3
Rc8 21. Rxc8+ Bxc8 22. d5 exd5 23. exd5 Kf8 24. Ng5 Ke7 25. Bd3 h6 $11 26. Ne4
Bb7 27. Nc3 Kd6 28. Ke4 a6 29. f3 Nb3 30. Bc2 Nc5+ 31. Kd4 g6 32. g4 Bxd5 33.
Nxd5 Ne6+ 34. Ke4 Nc5+ 35. Kd4 Ne6+ 36. Ke4 Nc5+ 1/2-1/2

[Event "ch-city  open-A"]
[Site "Warszawa"]
[Date "2011.05.08"]
[Round "2.10"]
[White "Sznapik, Aleksander"]
[Black "Sielicki, Tomasz"]
[Result "1-0"]
[WhiteElo "2422"]
[BlackElo "2026"]
[PlyCount "71"]
[EventDate "2011.05.07"]
[EventRounds "9"]
[EventCountry "POL"]

1. e4 e5 2. Nf3 Nc6 3. Bb5 a6 4. Ba4 Nf6 5. d3 b5 6. Bb3 Bc5 7. O-O d6 8. c3
Bb7 9. a4 Rb8 10. axb5 axb5 11. Na3 h6 12. Nxb5 O-O 13. Bc4 Bb6 14. b4 Ne7 15.
Be3 Bxe3 16. fxe3 c6 17. Na3 d5 18. exd5 cxd5 19. Bb3 Qc7 20. Rc1 Ng4 21. Qd2
Nf5 22. Rce1 e4 23. Nb5 Qd7 24. Nfd4 Nxd4 25. Nxd4 Ba6 26. h3 Ne5 27. Rf5 Qd6
28. dxe4 dxe4 29. Ra1 Bd3 30. Qf2 g6 31. Rf4 Rbc8 32. Qh4 Kh7 33. Rf6 Qd8 34.
Nf5 h5 35. Qg5 Kg8 36. Rxg6+ 1-0

[Event "ch-city  open-A"]
[Site "Warszawa"]
[Date "2011.05.08"]
[Round "2.11"]
[White "Sujkowski, Pawel"]
[Black "Strzemiecki, Zbigniew"]
[Result "0-1"]
[WhiteElo "2000"]
[BlackElo "2422"]
[PlyCount "64"]
[EventDate "2011.05.07"]
[EventRounds "9"]
[EventCountry "POL"]

1. e4 e6 2. d4 d5 3. Nc3 Bb4 4. e5 Ne7 5. Bd2 b6 6. f4 O-O 7. Nf3 f6 8. Ne2
Bxd2+ 9. Qxd2 Ba6 10. O-O-O c5 11. g3 Nbc6 12. Bh3 f5 13. Bf1 Qd7 14. Kb1 Bxe2
15. Bxe2 c4 16. h3 b5 17. g4 b4 18. Nh4 a5 19. gxf5 exf5 20. Rhg1 Nd8 21. Nf3
Ne6 22. Ng5 c3 23. Qe3 cxb2 24. Qg3 Nxg5 25. Qxg5 Rf7 26. Bh5 g6 27. Bf3 b3 28.
cxb3 a4 29. e6 Qxe6 30. Rde1 Qa6 31. Rxe7 Qd3+ 32. Kxb2 a3+ 0-1

[Event "ch-city  open-A"]
[Site "Warszawa"]
[Date "2011.05.08"]
[Round "2.12"]
[White "Piotrowski, Arkadiusz"]
[Black "Alvarado, Carlos"]
[Result "0-1"]
[WhiteElo "1919"]
[BlackElo "2203"]
[PlyCount "106"]
[EventDate "2011.05.07"]
[EventRounds "9"]
[EventCountry "POL"]

1. e4 c5 2. Nf3 Nc6 3. Bb5 Qb6 4. Nc3 e6 5. O-O a6 6. Bc4 d6 7. a3 Nge7 8. d3
Ng6 9. h4 Be7 10. h5 Nge5 11. Nxe5 dxe5 12. Qg4 Bf6 13. Rb1 Nd4 14. Qd1 Qc7 15.
Ne2 b5 16. Ba2 Bb7 17. Nxd4 cxd4 18. Bd2 g5 19. Rc1 Qd7 20. h6 Rc8 21. Qh5 Rg8
22. Rfd1 Rg6 23. c4 dxc3 24. Bxc3 Rc6 25. Bb1 Qc7 26. Bd2 Be7 27. Rxc6 Bxc6 28.
Rc1 Qb7 29. Bc3 Bd6 30. Bd2 Be7 31. Bc3 Qc7 32. Bd2 Bd8 33. d4 Qd7 34. Bb4 exd4
35. e5 d3 36. Rd1 Qd5 37. Qh2 Rxh6 38. Qg3 Qc4 39. Bxd3 Qh4 40. Qxh4 Rxh4 41.
Bf1 Bd5 42. Rc1 Kd7 43. f3 Bc7 44. g3 Rd4 45. Bc3 Ra4 46. Kg2 g4 47. Bb4 gxf3+
48. Kf2 Bxe5 49. Rc2 Bd4+ 50. Ke1 f2+ 51. Kd1 Bb3 52. Kc1 Bxc2 53. Kxc2 Be5 0-1

[Event "ch-city  open-A"]
[Site "Warszawa"]
[Date "2011.05.08"]
[Round "2.13"]
[White "Zaczek, Jonathon"]
[Black "Eggink, Mateusz"]
[Result "0-1"]
[WhiteElo "2126"]
[BlackElo "1973"]
[PlyCount "28"]
[EventDate "2011.05.07"]
[EventRounds "9"]
[EventCountry "POL"]

1. e4 c5 2. Nf3 d6 3. d4 cxd4 4. Nxd4 Nf6 5. Nc3 a6 6. Bc4 e6 7. Bb3 b5 8. Qf3
Qc7 9. Bg5 Be7 10. O-O-O O-O 11. e5 dxe5 12. Nf5 exf5 13. Qxa8 Bb7 14. Qa7 Bc5
0-1

[Event "ch-city  open-A"]
[Site "Warszawa"]
[Date "2011.05.08"]
[Round "2.14"]
[White "Winiarski, Mikolaj Olaf"]
[Black "Zurkowski, Andrzej"]
[Result "0-1"]
[WhiteElo "1857"]
[BlackElo "2106"]
[PlyCount "66"]
[EventDate "2011.05.07"]
[EventRounds "9"]
[EventCountry "POL"]

1. d4 f5 2. c4 Nf6 3. Nc3 g6 4. g3 Bg7 5. Bg2 O-O 6. Nf3 d6 7. O-O c6 8. Re1
Qe8 9. d5 h6 10. e4 fxe4 11. Nxe4 Nxe4 12. Rxe4 Bf5 13. Re1 c5 14. Nh4 Nd7 15.
Nxf5 Rxf5 16. Bh3 Re5 17. Bf4 Rxe1+ 18. Qxe1 Ne5 19. Bxe5 Bxe5 20. Qd2 Kg7 21.
Re1 b5 22. Bf1 bxc4 23. Bxc4 Qf7 24. b3 Qf6 25. Qc2 g5 26. Re4 Rf8 27. a4 Bd4
28. Re2 Rf7 29. Bd3 h5 30. Be4 h4 31. Bg2 g4 32. Re4 Bxf2+ 33. Kh1 Qa1+ 0-1

[Event "ch-city  open-A"]
[Site "Warszawa"]
[Date "2011.05.08"]
[Round "2.15"]
[White "Szymczak, Rafal"]
[Black "Pastuszko, Kinga"]
[Result "1/2-1/2"]
[WhiteElo "2102"]
[BlackElo "1862"]
[Annotator "M"]
[PlyCount "65"]
[EventDate "2011.05.07"]
[EventRounds "9"]
[EventCountry "POL"]

1. f4 d5 2. g3 g6 3. Bg2 Bg7 4. d3 c5 5. Nf3 Nf6 6. O-O O-O 7. Nc3 d4 8. Ne4
Nxe4 9. dxe4 Nc6 10. e3 dxe3 11. c3 Qxd1 12. Rxd1 e2 13. Re1 e5 14. Be3 b6 15.
Rxe2 Rd8 16. Ree1 Bb7 17. Rad1 Kf8 18. fxe5 Nxe5 19. Nxe5 Bxe5 20. Bf4 f6 21.
Kf2 Ke7 22. Bxe5 fxe5 23. Ke3 Rxd1 24. Rxd1 Rd8 25. Rxd8 Kxd8 26. Bf1 Ke7 27.
Bc4 Bc8 28. Kf3 Be6 29. Bxe6 Kxe6 30. Kg4 Kf6 31. h4 h5+ 32. Kf3 Ke6 33. c4 $11
1/2-1/2